|
|
|
|
| LEADER |
01532nam a2200373Ia 4500 |
| 001 |
EBC3412788 |
| 003 |
MiAaPQ |
| 005 |
20200520144314.0 |
| 006 |
m o d | |
| 007 |
cr cn||||||||| |
| 008 |
120608s2012 bcc s 000 0 eng d |
| 020 |
|
|
|z 9780774823425
|
| 020 |
|
|
|z 9780774823449
|
| 035 |
|
|
|a (MiAaPQ)EBC3412788
|
| 035 |
|
|
|a (Au-PeEL)EBL3412788
|
| 035 |
|
|
|a (CaPaEBR)ebr10562680
|
| 035 |
|
|
|a (CaONFJC)MIL402911
|
| 035 |
|
|
|a (OCoLC)923448835
|
| 040 |
|
|
|a MiAaPQ
|c MiAaPQ
|d MiAaPQ
|
| 050 |
|
4 |
|a HD6524
|b .C88 2012
|
| 100 |
1 |
|
|a Cuthbertson, Wendy.
|
| 245 |
1 |
0 |
|a Labour goes to war
|h [electronic resource] :
|b the CIO and the people's war, and the construction of a new social order, 1939-45 /
|c Wendy Cuthbertson.
|
| 260 |
|
|
|a Vancouver, BC :
|b University of British Columbia,
|c c2012.
|
| 300 |
|
|
|a [vii], 228 p.
|
| 490 |
0 |
|
|a Studies in Canadian military history series
|
| 500 |
|
|
|a Published in Association with the Canadian War Museum.
|
| 533 |
|
|
|a Electronic reproduction. Ann Arbor, MI : ProQuest, 2015. Available via World Wide Web. Access may be limited to ProQuest affiliated libraries.
|
| 610 |
2 |
0 |
|a Congress of Industrial Organizations (U.S.)
|x History.
|
| 650 |
|
0 |
|a Labor unions
|z Canada
|x History
|y 20th century.
|
| 650 |
|
0 |
|a Labor unions
|z Ontario
|x History
|y 20th century.
|
| 651 |
|
0 |
|a Canada
|x Social conditions
|y 1939-1945.
|
| 655 |
|
4 |
|a Electronic books.
|
| 710 |
2 |
|
|a ProQuest (Firm)
|
| 856 |
4 |
0 |
|u https://ebookcentral.proquest.com/lib/matrademy/detail.action?docID=3412788
|z Click to View
|